| 000 | 00501 a2200157 4500 | ||
|---|---|---|---|
| 020 | _a0006167241 | ||
| 040 |
_aDLC _bDLC |
||
| 082 | _a823.912 | ||
| 100 |
_aChristie, Agatha. _98918 |
||
| 245 |
_aThe ABC Murders _cChristie, Agatha. |
||
| 260 |
_a London: _bHarper Collins Publishers, _c1936. |
||
| 300 |
_a224 p. ; _b19 cm. |
||
| 500 | _aIncludes Index | ||
| 650 |
_a1.Poirot, Hercule (Fictitious character) --Fiction.2.Private investigators --England --Fiction. _9122263 |
||
| 942 |
_cBK _k823.912 CHR _2ddc |
||
| 999 |
_c4997 _d4997 |
||